[Event "XVIII Orsha GM 2020"]
[Site "Orsha"]
[Date "2020.01.19"]
[Round "2.1"]
[White "Lazavik, Denis"]
[Black "Teterev, Vitaly"]
[Result "1/2-1/2"]
[WhiteElo "2411"]
[BlackElo "2476"]
[Annotator "ChessBase"]
[PlyCount "121"]
[EventDate "2020.01.18"]
[EventType "tourn"]
[EventCountry "BLR"]
[SourceTitle "playchess.com"]
[Source "ChessBase"]
[SourceQuality "1"]
[TimeControl "5400+30"]

1. d4 {[%emt 0:00:00]} Nf6 {[%emt 0:01:38]} 2. c4 {[%emt 0:00:04]} g6 {[%emt 0:00:04]} 3. g3 {[%emt 0:00:26]} c6 {[%emt 0:00:04]} 4. Nf3 {[%emt 0:00:32]} Bg7 {[%emt 0:00:18]} 5. Bg2 {[%emt 0:00:28]} d5 {[%emt 0:00:11]} 6. b3 {[%emt 0:00:28]} O-O {[%emt 0:00:11]} 7. Bb2 {[%emt 0:02:06]} Bf5 {[%emt 0:01:12]} 8. O-O {[%emt 0:01:10]} Nbd7 {[%emt 0:00:29]} 9. e3 {[%emt 0:00:45]} b5 {[%emt 0:01:37]} 10. cxb5 {[%emt 0:19:58]} cxb5 {[%emt 0:01:06]} 11. Nc3 {[%emt 0:02:43]} b4 {[%emt 0:06:50]} 12. Na4 {[%emt 0:01:21]} Ne4 {[%emt 0:20:38]} 13. a3 {[%emt 0:11:20]} a5 {[%emt 0:04:14]} 14. axb4 {[%emt 0:06:03]} axb4 {[%emt 0:01:00]} 15. Qe1 {[%emt 0:02:31]} Qb8 {[%emt 0:03:21]} 16. Qe2 {[%emt 0:15:33]} Rc8 {[%emt 0:08:48]} 17. Nh4 {[%emt 0:03:29]} Be6 {[%emt 0:01:59]} 18. Rfc1 {[%emt 0:01:00]} Nc3 {[%emt 0:05:19]} 19. Nxc3 {[%emt 0:01:33]} Rxa1 {[%emt 0:01:21]} 20. Bxa1 {[%emt 0:00:13]} bxc3 {[%emt 0:00:04]} 21. Qc2 {[%emt 0:04:28]} Bf6 {[%emt 0:03:34]} 22. Bxc3 {[%emt 0:01:08]} Bxh4 {[%emt 0:00:12]} 23. gxh4 {[%emt 0:00:05]} Nf6 {[%emt 0:00:12]} 24. f3 {[%emt 0:01:38]} Bf5 {[%emt 0:03:28]} 25. Qd1 {[%emt 0:03:12]} Qb6 {[%emt 0:02:18]} 26. Bb2 {[%emt 0:02:15]} Ra8 {[%emt 0:04:01]} 27. Ra1 {[%emt 0:00:24]} Rb8 {[%emt 0:05:03]} 28. Ba3 {[%emt 0:01:22]} Qe6 {[%emt 0:03:27]} 29. Kf2 {[%emt 0:00:28]} Bh3 {[%emt 0:09:05]} 30. Qd3 {[%emt 0:06:08]} Bf5 {[%emt 0:03:03]} 31. Qc3 {[%emt 0:00:40]} Ne8 {[%emt 0:03:58]} 32. Bc5 {[%emt 0:01:37]} Qf6 {[%emt 0:00:24]} 33. Kg1 {[%emt 0:01:47]} Qxh4 {[%emt 0:00:28]} 34. b4 {[%emt 0:00:45]} Bh3 {[%emt 0:04:13]} 35. Bxh3 {[%emt 0:05:06]} Qxh3 {[%emt 0:00:01]} 36. Rf1 {[%emt 0:00:14]} Qe6 {[%emt 0:01:39]} 37. Qd3 {[%emt 0:00:37]} Nc7 {[%emt 0:01:15]} 38. Ra1 {[%emt 0:00:33]} Nb5 {[%emt 0:00:29]} 39. Rb1 {[%emt 0:01:46]} Qd7 {[%emt 0:00:25]} 40. Ra1 {[%emt 0:00:29]} Kg7 {[%emt 0:00:25]} 41. e4 {[%emt 0:00:38]} e6 {[%emt 0:01:26]} 42. e5 {[%emt 0:00:15]} Qd8 {[%emt 0:00:15]} 43. Qe3 {[%emt 0:00:58]} Ra8 {[%emt 0:00:34]} 44. Rxa8 Qxa8 {[%emt 0:00:01]} 45. Qg5 {[%emt 0:00:47]} Qe8 {[%emt 0:01:28]} 46. h4 {[%emt 0:00:44]} h5 {[%emt 0:00:19]} 47. Kg2 {[%emt 0:00:32]} Qd7 {[%emt 0:00:32]} 48. Qf6+ {[%emt 0:00:32]} Kg8 {[%emt 0:00:18]} 49. Kg3 {[%emt 0:02:14]} Qe8 {[%emt 0:00:41]} 50. Qf4 {[%emt 0:00:36]} Qd8 {[%emt 0:00:32]} 51. Qf6 {[%emt 0:00:21]} Qe8 {[%emt 0:00:33]} 52. Kg2 {[%emt 0:00:26]} Nc3 {[%emt 0:00:21]} 53. Qe7 {[%emt 0:00:50]} Qxe7 {[%emt 0:00:48]} 54. Bxe7 {[%emt 0:00:05]} Nb5 {[%emt 0:00:06]} 55. Bc5 {[%emt 0:00:08]} Kg7 {[%emt 0:00:40]} 56. Kg3 {[%emt 0:00:23]} f6 {[%emt 0:00:19]} 57. exf6+ {[%emt 0:00:51]} Kxf6 {[%emt 0:00:01]} 58. Kf4 {[%emt 0:00:07]} Na3 {[%emt 0:00:55]} 59. Bb6 {[%emt 0:01:24]} Kf7 {[%emt 0:00:29]} 60. Bc5 {[%emt 0:00:29]} Kf6 {[%emt 0:00:05]} 61. Bb6 {[%emt 0:01:45] Ke5+ Ke4+} 1/2-1/2

[Event "XVIII Orsha GM 2020"]
[Site "Orsha"]
[Date "2020.01.19"]
[Round "2.2"]
[White "Bryakin, Mikhail"]
[Black "Zarubitski, Viachaslau"]
[Result "1/2-1/2"]
[WhiteElo "2442"]
[BlackElo "2451"]
[Annotator "ChessBase"]
[PlyCount "88"]
[EventDate "2020.01.18"]
[EventType "tourn"]
[EventCountry "BLR"]
[SourceTitle "playchess.com"]
[Source "ChessBase"]
[SourceQuality "1"]
[TimeControl "5400+30"]

1. d4 {[%emt 0:14:40]} d5 {[%emt 0:00:00]} 2. Nf3 {[%emt 0:00:09]} Nf6 {[%emt 0:00:00]} 3. c4 {[%emt 0:00:07]} c6 {[%emt 0:00:00]} 4. e3 {[%emt 0:00:32]} g6 {[%emt 0:00:20]} 5. Be2 {[%emt 0:01:41]} Bg7 {[%emt 0:00:07]} 6. O-O {[%emt 0:00:10]} O-O {[%emt 0:00:10]} 7. Nbd2 {[%emt 0:01:11]} Nbd7 {[%emt 0:04:34]} 8. b3 {[%emt 0:02:12]} b6 {[%emt 0:00:14]} 9. Ba3 {[%emt 0:03:25]} Bb7 {[%emt 0:03:47]} 10. Rc1 {[%emt 0:01:25]} Re8 {[%emt 0:00:47]} 11. cxd5 {[%emt 0:15:37]} cxd5 {[%emt 0:03:50]} 12. Bb5 {[%emt 0:03:29]} Bf8 {[%emt 0:36:47]} 13. Ne5 {[%emt 0:03:29]} e6 {[%emt 0:01:26]} 14. Bxf8 {[%emt 0:01:07]} Rxf8 {[%emt 0:00:30]} 15. f4 {[%emt 0:00:45]} Rc8 {[%emt 0:01:56]} 16. Qe2 {[%emt 0:11:10]} Nb8 {[%emt 0:03:20]} 17. g4 {[%emt 0:08:33]} Qe7 {[%emt 0:03:21]} 18. g5 {[%emt 0:00:48]} Nh5 {[%emt 0:03:43]} 19. Nb1 {[%emt 0:05:09]} Rc7 {[%emt 0:01:38]} 20. Rxc7 {[%emt 0:04:38]} Qxc7 {[%emt 0:00:45]} 21. Bd3 {[%emt 0:00:11]} Nd7 {[%emt 0:08:17]} 22. Nxd7 {[%emt 0:01:34]} Qxd7 {[%emt 0:00:01]} 23. Rc1 {[%emt 0:02:40]} Rc8 {[%emt 0:00:35]} 24. Rxc8+ {[%emt 0:00:42]} Qxc8 {[%emt 0:00:07]} 25. Qc2 {[%emt 0:00:26]} Qxc2 {[%emt 0:00:45]} 26. Bxc2 {[%emt 0:00:03]} h6 {[%emt 0:02:56]} 27. h4 {[%emt 0:00:29]} hxg5 {[%emt 0:00:15]} 28. hxg5 {[%emt 0:00:06]} Ng7 {[%emt 0:03:13]} 29. Nd2 {[%emt 0:00:33]} Ne8 {[%emt 0:00:16]} 30. Nf3 {[%emt 0:00:16]} Nd6 {[%emt 0:00:33]} 31. Ne5 {[%emt 0:00:30]} Kf8 {[%emt 0:05:10]} 32. Bd3 {[%emt 0:00:15]} Ke8 {[%emt 0:01:39]} 33. Kf2 {[%emt 0:00:11]} Kd8 {[%emt 0:00:19]} 34. Ke2 {[%emt 0:00:30]} Kc7 {[%emt 0:00:19]} 35. Kd2 {[%emt 0:02:05]} Bc6 {[%emt 0:00:10]} 36. Kc3 {[%emt 0:00:16]} Be8 {[%emt 0:02:07]} 37. Kb4 {[%emt 0:01:28]} Kb7 {[%emt 0:00:28]} 38. a3 {[%emt 0:01:27]} Kc7 {[%emt 0:00:07]} 39. Ba6 {[%emt 0:00:46]} Nf5 {[%emt 0:02:50]} 40. Ng4 {[%emt 0:01:58]} Nd6 {[%emt 0:00:07]} 41. a4 {[%emt 0:01:07]} Bc6 {[%emt 0:00:13]} 42. Ne5 {[%emt 0:00:46]} Be8 {[%emt 0:00:17]} 43. a5 {[%emt 0:01:29]} Bc6 {[%emt 0:00:16]} 44. Bd3 {[%emt 0:00:54]} Be8 {[%emt 0:00:13]} 1/2-1/2

[Event "XVIII Orsha GM 2020"]
[Site "Orsha"]
[Date "2020.01.19"]
[Round "2.3"]
[White "Nozdrachev, Leonid"]
[Black "Gleizerov, Evgeny"]
[Result "1/2-1/2"]
[WhiteElo "2404"]
[BlackElo "2508"]
[Annotator "ChessBase"]
[PlyCount "44"]
[EventDate "2020.01.18"]
[EventType "tourn"]
[EventCountry "BLR"]
[SourceTitle "playchess.com"]
[Source "ChessBase"]
[SourceQuality "1"]
[TimeControl "5400+30"]

1. d4 {[%emt 0:00:00]} e6 {[%emt 0:00:57]} 2. c4 {[%emt 0:00:00]} f5 {[%emt 0:00:03]} 3. g3 {[%emt 0:00:03]} Nf6 {[%emt 0:00:03]} 4. Bg2 {[%emt 0:00:06]} d5 {[%emt 0:00:03]} 5. Nf3 {[%emt 0:00:30]} Be7 {[%emt 0:00:05]} 6. O-O {[%emt 0:00:09]} O-O {[%emt 0:00:02]} 7. Qc2 {[%emt 0:00:51]} Ne4 {[%emt 0:00:21]} 8. Nc3 {[%emt 0:00:19]} c6 {[%emt 0:00:04]} 9. Ne1 {[%emt 0:01:08]} Bf6 {[%emt 0:09:47]} 10. Be3 {[%emt 0:02:15]} Nd6 {[%emt 0:03:31]} 11. cxd5 {[%emt 0:03:36]} cxd5 {[%emt 0:02:24]} 12. Bf4 {[%emt 0:08:18]} Nc6 {[%emt 0:02:01]} 13. e3 {[%emt 0:01:10]} g5 {[%emt 0:10:35]} 14. Bxd6 {[%emt 0:01:41]} Qxd6 {[%emt 0:00:01]} 15. f4 {[%emt 0:04:46]} Bd7 {[%emt 0:06:22]} 16. Nf3 {[%emt 0:02:37]} gxf4 {[%emt 0:09:43]} 17. gxf4 {[%emt 0:00:35]} Kh8 {[%emt 0:00:05]} 18. Ne5 {[%emt 0:03:13]} Qe7 {[%emt 0:02:59]} 19. Kh1 {[%emt 0:05:13]} Bxe5 {[%emt 0:04:34]} 20. dxe5 {[%emt 0:07:20]} Rg8 {[%emt 0:00:40]} 21. Qf2 {[%emt 0:03:55]} Rg6 {[%emt 0:05:22]} 22. Rg1 {[%emt 0:04:43]} Rag8 {[%emt 0:00:29]} 1/2-1/2

[Event "XVIII Orsha GM 2020"]
[Site "Orsha"]
[Date "2020.01.19"]
[Round "2.4"]
[White "Pang, Tao"]
[Black "Zhukovskiy, Vadim M."]
[Result "0-1"]
[WhiteElo "2367"]
[BlackElo "1898"]
[Annotator "ChessBase"]
[PlyCount "80"]
[EventDate "2020.01.18"]
[EventType "tourn"]
[EventCountry "BLR"]
[SourceTitle "playchess.com"]
[Source "ChessBase"]
[SourceQuality "1"]
[TimeControl "5400+30"]

1. d4 {[%emt 0:00:00]} Nf6 {[%emt 0:00:00]} 2. c4 {[%emt 0:00:00]} e6 {[%emt 0:00:00]} 3. Nc3 {[%emt 0:00:19]} d5 {[%emt 0:00:00]} 4. Nf3 {[%emt 0:00:42]} c6 {[%emt 0:00:10]} 5. Bg5 {[%emt 0:01:17]} dxc4 {[%emt 0:00:17]} 6. e4 {[%emt 0:00:39]} b5 {[%emt 0:00:04]} 7. e5 {[%emt 0:00:14]} h6 {[%emt 0:00:04]} 8. Bh4 {[%emt 0:00:04]} g5 {[%emt 0:00:05]} 9. Nxg5 {[%emt 0:00:02]} hxg5 {[%emt 0:00:06]} 10. Bxg5 {[%emt 0:00:03]} Nbd7 {[%emt 0:00:49]} 11. exf6 {[%emt 0:00:22]} Bb7 {[%emt 0:05:15]} 12. g3 {[%emt 0:01:49]} c5 {[%emt 0:00:07]} 13. d5 {[%emt 0:00:56]} Qb6 {[%emt 0:00:12]} 14. Bg2 {[%emt 0:42:24]} O-O-O {[%emt 0:00:10]} 15. O-O {[%emt 0:01:38]} b4 {[%emt 0:00:05]} 16. dxe6 {[%emt 0:12:12]} Bxg2 {[%emt 0:01:52]} 17. Kxg2 {[%emt 0:00:06]} Qxe6 {[%emt 0:08:50]} 18. Qd5 {[%emt 0:00:07]} Qh3+ {[%emt 0:15:24]} 19. Kf3 {[%emt 0:01:47]} Nb8 {[%emt 0:01:12]} 20. Qxf7 {[%emt 0:01:55]} Nc6 {[%emt 0:13:48]} 21. Bf4 {[%emt 0:00:04]} Rd3+ {[%emt 0:00:07]} 22. Ke4 {[%emt 0:00:45]} Rd4+ {[%emt 0:00:07]} 23. Ke3 {[%emt 0:00:25]} Rxf4 {[%emt 0:04:53]} 24. Nb5 {[%emt 0:02:26]} Rf3+ {[%emt 0:05:51]} 25. Ke2 {[%emt 0:00:03]} Be7 {[%emt 0:00:32]} 26. Nxa7+ {[%emt 0:01:13]} Nxa7 {[%emt 0:00:04]} 27. Kxf3 {[%emt 0:04:31]} Nc6 {[%emt 0:00:06]} 28. Qd5 {[%emt 0:03:06]} Nd4+ {[%emt 0:00:11]} 29. Ke3 {[%emt 0:00:49]} Qh6+ {[%emt 0:02:52]} 30. f4 {[%emt 0:00:13]} Qxf6 {[%emt 0:00:05]} 31. Rf2 {[%emt 0:01:19]} Rd8 {[%emt 0:01:01]} 32. Qxc4 {[%emt 0:01:55]} Nf5+ {[%emt 0:00:59]} 33. Kf3 {[%emt 0:00:18]} Qc6+ {[%emt 0:00:11]} 34. Ke2 {[%emt 0:00:35]} Nd4+ {[%emt 0:04:17]} 35. Ke3 {[%emt 0:01:05]} Bf6 {[%emt 0:00:16]} 36. Rc1 {[%emt 0:08:22]} Nf5+ {[%emt 0:00:20]} 37. Ke2 {[%emt 0:00:07]} Qe8+ {[%emt 0:00:04]} 38. Kf3 {[%emt 0:00:25]} Qh5+ {[%emt 0:00:08]} 39. g4 {[%emt 0:01:12]} Qh3+ {[%emt 0:00:13]} 40. Ke2 {[%emt 0:00:01]} Re8+ {[%emt 0:00:48]} 0-1

[Event "XVIII Orsha GM 2020"]
[Site "Orsha"]
[Date "2020.01.19"]
[Round "2.4"]
[White "Pang, Tao"]
[Black "Moiseenko, Vadim"]
[Result "0-1"]
[WhiteElo "2367"]
[BlackElo "2534"]
[Annotator "TA"]
[PlyCount "80"]
[EventDate "2020.01.18"]
[EventType "tourn"]
[EventCountry "BLR"]
[SourceTitle "playchess.com"]
[Source "ChessBase"]
[SourceQuality "1"]

{[%evp 28,80,44,44,52,0,0,-260,-257,-247,-248,-246,-244,-1469,-1466,-1450,-1425,-1297,-1256,-1339,-314,-303,-318,-327,-264,-314,-308,-305,-188,-378,-387,-357,-291,-302,-276,-295,-197,-751,-747,-1563,-1570,-1095,-675,-2735,-2885,-29989,-29984,-29984,-29985,-29985,-29986,-29986,-29987,-29987,-29988]} 1. d4 Nf6 2. c4 e6 3. Nc3 d5 4. Nf3 c6 5. Bg5 dxc4 6. e4 b5 7. e5 h6 8. Bh4 g5 9. Nxg5 hxg5 10. Bxg5 Nbd7 11. exf6 Bb7 12. g3 c5 13. d5 Qb6 14. Bg2 O-O-O 15. O-O {Threatens to win with dxe6.} b4 {D44: Semi-Slav: Botvinnik System} 16. dxe6 (16. Rb1 $14) (16. Na4 Qb5 17. a3 Nb8 18. axb4 cxb4 19. Qg4 Bxd5 20. Rac1 Qxa4 21. Rxc4+ Kb7 22. Rfc1 Na6 23. Rd4 Bc5 24. Re4 Bb6 25. h4 Qb3 26. Bf4 Qxb2 27. Re2 Qxf6 {0-1 (37) Melkumyan,H (2662)-Sasikiran,K (2666) Yerevan 2018}) 16... Bxg2 $11 17. Kxg2 $2 {[%mdl 8192]} (17. e7 $1 $11 {and White is okay.} Bxf1 18. Nd5) 17... Qxe6 $19 {Black has a decisive advantage.} ({Worse is} 17... bxc3 18. e7 $14) 18. Qd5 {And now Qxe6 would win.} Qh3+ $146 ({Less strong is} 18... bxc3 19. Qxe6 fxe6 20. bxc3 $15) ({Predecessor:} 18... bxc3 19. Qa8+ Nb8 20. Bf4 Bd6 21. Bxd6 Rxd6 22. h4 cxb2 23. Rab1 {0-1 (35) Head,L (2161)-Mendoza,S (2113) Batumi 2018}) 19. Kf3 {Strongly threatening Qc6+.} Nb8 20. Qxf7 $2 (20. Qxc4 bxc3 21. bxc3) 20... Nc6 21. Bf4 Rd3+ 22. Ke4 Rd4+ 23. Ke3 Rxf4 $2 (23... Bd6 24. Bxd6 Rd3+ 25. Ke4 Rxd6) 24. Nb5 {[%csl Gb5][%cal Rf7c7] [#]} Rf3+ $1 {[%mdl 512]} 25. Ke2 {[%csl Gb5][%cal Rf7c7] [#]} (25. Kxf3 Ne5+) 25... Be7 $1 {[%mdl 512]} 26. Nxa7+ (26. fxe7 Rxf7) 26... Nxa7 27. Kxf3 {[#]} Nc6 $1 $36 {[%cal Rc6e5][%mdl 2048] Black has strong initiative.} ({Resist} 27... Qf5+ 28. Kg2 $19) 28. Qd5 $2 (28. Rae1 Nd4+ 29. Ke3) 28... Nd4+ 29. Ke3 Qh6+ 30. f4 Qxf6 31. Rf2 Rd8 32. Qxc4 $2 (32. Qa8+ Kd7 33. Qa4+ Nc6 34. Rd2+ Kc7 35. Rxd8 Bxd8 36. Qc2) 32... Nf5+ 33. Kf3 Qc6+ 34. Ke2 Nd4+ 35. Ke3 Bf6 {( -> ...Qe8+)} 36. Rc1 Nf5+ {Black mates.} 37. Ke2 Qe8+ 38. Kf3 Qh5+ 39. g4 Qh3+ 40. Ke2 Re8+ {Accuracy: White = 21%, Black = 71%.} 0-1

[Event "XVIII Orsha GM 2020"]
[Site "Orsha"]
[Date "2020.01.19"]
[Round "2.5"]
[White "Afanasiev, Nikita"]
[Black "Nozdrachev, Vladislav"]
[Result "0-1"]
[WhiteElo "2516"]
[BlackElo "2494"]
[Annotator "ChessBase"]
[PlyCount "144"]
[EventDate "2020.01.18"]
[EventType "tourn"]
[EventCountry "BLR"]
[SourceTitle "playchess.com"]
[Source "ChessBase"]
[SourceQuality "1"]
[TimeControl "5400+30"]

1. e4 {[%emt 0:12:16]} c5 {[%emt 0:00:11]} 2. Nf3 {[%emt 0:00:42]} Nc6 {[%emt 0:00:12]} 3. Bb5 {[%emt 0:01:28]} g6 {[%emt 0:00:21]} 4. O-O {[%emt 0:00:44]} Bg7 {[%emt 0:00:06]} 5. Bxc6 {[%emt 0:03:47]} dxc6 {[%emt 0:00:08]} 6. d3 {[%emt 0:00:05]} Nf6 {[%emt 0:00:04]} 7. Nc3 {[%emt 0:00:51]} O-O {[%emt 0:06:19]} 8. h3 {[%emt 0:01:55]} Nd7 {[%emt 0:00:23]} 9. Be3 {[%emt 0:01:22]} e5 {[%emt 0:00:26]} 10. Qd2 {[%emt 0:02:31]} Re8 {[%emt 0:00:26]} 11. Bh6 {[%emt 0:06:41]} Bh8 {[%emt 0:06:54]} 12. a3 {[%emt 0:09:38]} Qe7 {[%emt 0:04:03]} 13. Nd1 {[%emt 0:12:21]} Nf8 {[%emt 0:06:20]} 14. Ne3 {[%emt 0:05:21]} Ne6 {[%emt 0:04:49]} 15. Rae1 {[%emt 0:04:30]} a5 {[%emt 0:05:31]} 16. a4 {[%emt 0:05:14]} Nd4 {[%emt 0:05:15]} 17. Nxd4 {[%emt 0:09:13]} cxd4 {[%emt 0:00:29]} 18. Nc4 {[%emt 0:00:05]} Be6 {[%emt 0:02:20]} 19. b3 {[%emt 0:01:42]} b5 {[%emt 0:05:15]} 20. Nb2 {[%emt 0:03:19]} Qh4 {[%emt 0:01:44]} 21. Qg5 {[%emt 0:03:45]} Bf6 {[%emt 0:01:37]} 22. Qxh4 {[%emt 0:04:32]} Bxh4 {[%emt 0:00:05]} 23. Ra1 {[%emt 0:00:04]} f5 {[%emt 0:00:21]} 24. Bd2 {[%emt 0:00:26]} Bd8 {[%emt 0:01:12]} 25. Kh2 {[%emt 0:05:43]} h5 {[%emt 0:02:29]} 26. Rfe1 {[%emt 0:01:11]} f4 {[%emt 0:00:30]} 27. g3 {[%emt 0:00:13]} g5 {[%emt 0:00:11]} 28. Rg1 {[%emt 0:01:00]} Kf7 {[%emt 0:01:03]} 29. Kg2 {[%emt 0:01:41]} Be7 {[%emt 0:00:53]} 30. Ra2 {[%emt 0:00:58]} Bb4 {[%emt 0:01:20]} 31. Bxb4 {[%emt 0:00:32]} axb4 {[%emt 0:00:05]} 32. Rga1 {[%emt 0:00:08]} Rac8 {[%emt 0:03:26]} 33. Rf1 {[%emt 0:01:06]} Bd7 {[%emt 0:00:27]} 34. f3 {[%emt 0:00:50]} fxg3 {[%emt 0:00:15]} 35. Kxg3 {[%emt 0:00:06]} Rg8 {[%emt 0:00:33]} 36. Kg2 {[%emt 0:00:39]} Ke7 {[%emt 0:00:09]} 37. axb5 {[%emt 0:01:10]} cxb5 {[%emt 0:00:05]} 38. Nd1 {[%emt 0:00:02]} g4 {[%emt 0:02:03]} 39. hxg4 {[%emt 0:01:00]} hxg4 {[%emt 0:00:04]} 40. Nf2 {[%emt 0:00:37]} gxf3+ {[%emt 0:02:24]} 41. Kxf3 {[%emt 0:00:01]} Rcf8+ {[%emt 0:00:19]} 42. Ke2 {[%emt 0:00:04]} Rg3 {[%emt 0:00:05]} 43. Raa1 {[%emt 0:00:15]} Re3+ {[%emt 0:00:23]} 44. Kd2 {[%emt 0:00:01]} Ref3 {[%emt 0:00:32]} 45. Ke2 {[%emt 0:00:09]} R3f4 {[%emt 0:00:19]} 46. Rae1 {[%emt 0:00:34]} Kd6 {[%emt 0:00:51]} 47. Ra1 {[%emt 0:00:15]} Kc5 {[%emt 0:00:05]} 48. Rac1 {[%emt 0:00:12]} Be8 {[%emt 0:00:25]} 49. Ra1 {[%emt 0:02:02]} Bh5+ {[%emt 0:00:16]} 50. Ke1 {[%emt 0:00:04]} Rf3 {[%emt 0:00:05]} 51. Ra6 {[%emt 0:00:48]} Re3+ {[%emt 0:06:33]} 52. Kd2 {[%emt 0:00:01]} Re2+ {[%emt 0:00:06]} 53. Kc1 {[%emt 0:00:03]} Bg4 {[%emt 0:00:30]} 54. Ra1 {[%emt 0:02:32]} Rfxf2 {[%emt 0:04:27]} 55. Rxf2 {[%emt 0:00:05]} Rxf2 {[%emt 0:00:02]} 56. Ra8 {[%emt 0:00:08]} Rf1+ {[%emt 0:00:13]} 57. Kb2 {[%emt 0:00:07]} Kd6 {[%emt 0:00:16]} 58. Rb8 {[%emt 0:00:14]} Bd7 {[%emt 0:00:05]} 59. Rh8 {[%emt 0:00:08]} Ke6 {[%emt 0:00:40]} 60. Rh6+ {[%emt 0:00:18]} Rf6 {[%emt 0:00:07]} 61. Rh8 {[%emt 0:00:03]} Rg6 {[%emt 0:00:13]} 62. Rb8 {[%emt 0:00:09]} Kf6 {[%emt 0:00:11]} 63. Rd8 {[%emt 0:00:19]} Rg7 {[%emt 0:00:06]} 64. Rb8 {[%emt 0:00:09]} Kg5 {[%emt 0:00:08]} 65. Rb7 {[%emt 0:00:20]} Kf4 {[%emt 0:00:05]} 66. Rc7 {[%emt 0:00:09]} Rh7 {[%emt 0:00:05]} 67. Rc5 {[%emt 0:00:39]} Be8 {[%emt 0:00:12]} 68. Rc8 {[%emt 0:00:11]} Re7 {[%emt 0:00:11]} 69. Rd8 {[%emt 0:00:48]} Ke3 {[%emt 0:00:19]} 70. Rd6 {[%emt 0:00:06]} Bh5 {[%emt 0:00:40]} 71. Kc1 {[%emt 0:00:36]} Be2 {[%emt 0:00:51]} 72. Rh6 {[%emt 0:00:17]} Rf7 {[%emt 0:00:06]} 0-1

[Event "XVIII Orsha GM 2020"]
[Site "Orsha"]
[Date "2020.01.19"]
[Round "3.1"]
[White "Nozdrachev, Vladislav"]
[Black "Lazavik, Denis"]
[Result "0-1"]
[WhiteElo "2494"]
[BlackElo "2411"]
[Annotator "TA"]
[PlyCount "78"]
[EventDate "2020.01.18"]
[EventType "tourn"]
[EventCountry "BLR"]
[SourceTitle "playchess.com"]
[Source "ChessBase"]
[SourceQuality "1"]

{[%evp 11,78,14,18,14,19,16,21,0,14,13,7,10,19,20,20,26,20,18,27,16,24,20,15,8,8,2,8,8,43,28,70,70,84,43,66,16,20,31,18,0,21,19,20,-40,48,42,35,33,44,0,0,0,0,-585,-569,-632,-625,-616,-598,-997,-995,-986,-975,-956,-955,-929,-918,-940,-955]} 1. e4 e5 2. Nf3 Nc6 3. Bc4 Bc5 4. d3 Nf6 5. Nbd2 d6 6. c3 a6 7. a4 {C54: Giuoco Piano: 4 c3 Nf6, main lines with 5 d4 and 5 d3} (7. Bb3 O-O 8. h3 Nh5 9. Nf1 Nf4 10. Bxf4 exf4 11. N1d2 Kh8 12. d4 Ba7 13. O-O f5 14. Re1 g5 15. exf5 Bxf5 16. Bc2 {1-0 (25) Wang,H (2756)-Motylev,A (2640) Moscow 2019}) 7... h6 8. a5 O-O 9. Nf1 $146 {The position is equal.} ({Predecessor:} 9. O-O Be6 10. Bxe6 fxe6 11. Nc4 Ba7 12. Be3 Qe8 13. Bxa7 Rxa7 {0-1 (39) Tseshkovsky,V (2513)-Kaplan,S (2437) Biel 2007}) 9... Ng4 10. Ne3 Nxe3 11. Bxe3 Bxe3 12. fxe3 Be6 13. Bxe6 fxe6 14. O-O Qe7 15. b4 Nb8 16. d4 Nd7 17. Qd3 c6 18. Rad1 exd4 19. exd4 Rf4 20. e5 d5 21. g3 Rf7 22. Qg6 Raf8 23. Kg2 Rf5 24. g4 Rf4 25. Kg3 R8f7 26. Qd3 {[#]} h5 $1 {[%mdl 512]} 27. gxh5 ({White should play} 27. h3 $11) 27... Re4 (27... R7f5 $15) 28. Rde1 $14 Rff4 29. h3 Nf8 30. Qd2 {aiming for Rxe4.} (30. Qd1 $5 {[%cal Re1e4]}) 30... Rf5 31. h4 {And now Ng5 would win.} Qf7 32. Ng5 $2 {[%mdl 8192]} (32. Qd1 $11 {and White stays safe.}) 32... Rxf1 $19 {Black is clearly winning.} 33. Nxf7 Rexe1 34. Ng5 Rg1+ 35. Kh2 Rh1+ 36. Kg2 Reg1+ 37. Kf3 Rxh4 38. Qf2 {[#]} Rhh1 $1 39. Qe3 Nh7 {Accuracy: White = 53%, Black = 42%.} 0-1

[Event "XVIII Orsha GM 2020"]
[Site "Orsha"]
[Date "2020.01.19"]
[Round "3.2"]
[White "Moiseenko, Vadim"]
[Black "Afanasiev, Nikita"]
[Result "1/2-1/2"]
[WhiteElo "2534"]
[BlackElo "2516"]
[Annotator "TA"]
[PlyCount "53"]
[EventDate "2020.01.18"]
[EventType "tourn"]
[EventCountry "BLR"]
[SourceTitle "playchess.com"]
[Source "ChessBase"]
[SourceQuality "1"]

{[%evp 16,53,27,9,0,11,18,15,16,19,14,8,65,75,82,66,68,43,54,56,45,33,36,31,27,32,30,-14,-14,0,0,0,0,0,0,0,0,0,0,-20]} 1. e4 c5 2. Nf3 Nc6 3. c3 Nf6 4. e5 Nd5 5. Bc4 Nb6 6. Bb3 c4 7. Bc2 d6 8. exd6 Qxd6 9. O-O Bg4 {B22: Sicilian: 2 c3} 10. Re1 {[#]} Ne5 $1 {[%mdl 512]} (10... e6 11. b3 Be7 12. Na3 cxb3 13. axb3 Qd7 14. Nc4 Nxc4 15. bxc4 O-O 16. d4 Rfd8 17. Be4 {½-½ (49) Zhigalko,S (2604)-Carlsen,M (2835) St Petersburg 2018}) 11. Rxe5 {Ra5 is the strong threat.} Bxf3 $1 12. Qe1 Bc6 13. b3 e6 ({Better is} 13... g6 $1 $11) 14. Na3 $146 ({Predecessor:} 14. Ba3 Qd7 15. Bxf8 Rxf8 16. Na3 O-O-O 17. Rd1 cxb3 18. axb3 {½-½ (49) Barbosa,E (2382)-Schumyatsky,V (2332) Catanduva 2010}) 14... cxb3 15. axb3 Qc7 16. Nb5 Bxb5 17. Rxb5 a6 18. Rh5 g6 19. Rh3 Bg7 20. Ba3 Nd5 21. Qe4 O-O-O {The position is equal.} 22. Rd3 Nf4 23. Rxd8+ Rxd8 24. Rd1 f5 25. Qe3 {Threatening g3.} e5 26. g3 Nd5 27. Qc5 {Accuracy: White = 94%, Black = 73%.} 1/2-1/2